| 000 | 00693nam a22002415a 4500 | ||
|---|---|---|---|
| 003 | OSt | ||
| 005 | 20180318101722.0 | ||
| 006 | a gr 000 0 | ||
| 008 | 180318s2018 ua fr 000 0 ara d | ||
| 017 | _a25613 / 2017 | ||
| 020 | _a9789777730358 | ||
| 040 |
_aEG-ScBUE _bara _cEG-ScBUE |
||
| 082 | 0 | 4 |
_a297.37 _bأ ي م _222 |
| 100 | 1 |
_aأيمن، أحمد. _921528 |
|
| 245 | 1 | 0 |
_aليطمئن قلبي / _cأحمد أيمن. |
| 250 | _aط. 6. | ||
| 260 |
_aالقاهرة : _bدار أجيال، _c2018. |
||
| 300 |
_a244 ص. ؛ _c20 سم. + _eكتيب صغير. |
||
| 650 | 7 |
_aالوعظ والإرشاد. _2BUEsh |
|
| 651 | _2BUEsh | ||
| 653 |
_bGGEN _cMarch2018 |
||
| 942 | _2ddc | ||
| 999 |
_c26320 _d26292 |
||